000
00309nam a22001337a 4500
020
_a
978-81-259-1651-2
082
_a
330
100
_a
Dwived, D. N.
245
_a
Principles of Economics
250
_a
2nd
260
_a
New Delhi:
_b
Vikas Publishing,
_c
2013
300
_a
xii, 626p.: ill.; 24cm
942
_c
BK
999
_c
22194
_d
22194